000 00493nam a2200181Ia 4500
003 GCL
008 140319s9999 xx 000 0 ara d
040 _aGCL /
_cGCL
082 0 4 _a001
_bط ا
100 1 _aطارق حبيب
245 1 0 _aاختبر معلوماتك بطريقة /
_cطارق حبيب
260 _a[S.N] :
_bالمركز العربى الحديث ،
_c1988
300 _a157 ص
490 _a
650 0 4 _aالثقافة
650 0 4 _aالمعرفة
942 _2ddc
_cBK
999 _c53989
_d53989